Wird geladen...

Ee njayarazhchakale nokku

Bibliographische Detailangaben
1. Verfasser: Madhavan,Purachery
Format: Printed Book
Sprache:English
Veröffentlicht: Kozhikode: Insight Publica: 2015.
LEADER 00454nam a22001217a 4500
008 151016b xxu||||| |||| 00| 0 eng d
100 |a Madhavan,Purachery 
245 |a Ee njayarazhchakale nokku  |c /Madhavan,Purachery 
260 |a Kozhikode:  |b Insight Publica:  |c 2015. 
300 |b 88p. 
942 |c BK 
999 |c 233365  |d 233365 
952 |0 0  |1 0  |4 0  |6 851_000000000000000_86M9_EEN  |7 0  |9 258629  |a MAL  |b MAL  |c ST1  |d 2015-10-16  |g 80.00  |l 0  |o 851.86M9 EEN  |p MAL37618  |r 2015-10-16  |w 2015-10-16  |y BK